000 01568cam a22003374a 4500
001 13024659
005 20210414113932.0
008 021209s2003 njua b 000 0 eng
010 _a 2002044940
020 _a9812380493 (alk. paper)
020 _a9812380507 (pbk. : alk. paper)
040 _aDLC
_cDLC
_dDLC
041 1 _aeng
_hchi
042 _apcc
050 0 0 _aQA20.C65M35
082 0 0 _a510/.78
_221
100 _aLi, Shangzhi
245 0 0 _aMathematics experiments. /
_cShangzhi Li ... [et al].
260 _aRiver Edge, N.J. :
_bWorld Scientific,
_cc2003.
300 _aix, 217 p. :
_bill. ;
_c23 cm.
504 _aIncludes bibliographical references (p. 217).
505 _aContents: Fundamentals of calculus -- How to calculate -- Best approximations by fractions -- Sequences and series -- Prime numbers -- The Probability -- Geometric transformations -- Celestial movement -- Iteration I: Finding solutions to equations -- Optimization -- Brachistochrone -- Itearation II: Fractal -- Iteration III: Chaos -- Cryptography -- Mechanical proving of elementary geometrical theorems.
650 0 _aMathematics
_xExperiments.
650 0 _aMathematics
_xComputer-assisted instruction.
700 1 _aChen, Falai
700 1 _aWu, Yaohua
700 1 _aZhang, Yunhua
906 _a7
_bcbc
_corignew
_d1
_eocip
_f20
_gy-gencatlg
942 _2lcc
_cBK
999 _c791
_d8291